MARC

LEADER 00000nam0a2200000 4500
001 250264
005 20231101232540.0
010 |a 5855100138 
020 |a RU  |b 88-34441 
035 |a (RuTPU)RU\TPU\book\272446 
090 |a 250264 
100 |a 20140212d1988 k y0rusy5003 ca 
101 0 |a rus 
102 |a RU 
105 |a a z 001zy 
200 1 |a Геологические и географические проблемы освоения природных ресурсов северных морей  |e [сборник статей]  |f Географическое общество СССР, Северный филиал ; Всесоюзный научно-исследовательский институт морской геологии и геофизики ; Полярный научно-исследовательский институт морского рыбного хозяйства и океанографии им. Н. М. Книповича ; науч. ред. Б. К. Остистый 
210 |a Мурманск  |c Мурманское книжное изд-во  |d 1988 
215 |a 158 с.  |c ил. 
320 |a Библиография в конце статей 
606 1 |a Океанография  |2 stltpush  |3 (RuTPU)RU\TPU\subj\46866  |9 65959 
610 1 |a северные моря 
610 1 |a арктические моря 
610 1 |a природные ресурсы 
610 1 |a освоение 
610 1 |a геоморфология 
610 1 |a нефтегазовая геология 
610 1 |a биогеография 
610 1 |a морская геология 
610 1 |a морская геофизика 
610 1 |a физическая география 
675 |a 551.46  |z rus  |v 3 
702 1 |a Остистый  |b Б. К.  |4 340 
712 0 2 |a Географическое общество СССР  |b Северный филиал  |c (1938-1992)  |2 stltpush  |3 (RuTPU)RU\TPU\col\8461 
712 0 2 |a Всесоюзный научно-исследавательский институт морской геологии и геофизики (ВНИИМОРГЕО)  |c (Рига)  |2 stltpush  |3 (RuTPU)RU\TPU\col\13670 
712 0 2 |a Полярный научно-исследовательский институт морского рыбного хозяйства и океанографии им. Н. М. Книповича  |2 stltpush  |3 (RuTPU)RU\TPU\col\19392 
801 0 |a RU  |b RuMRKP  |c 19960705  |g psbo 
801 1 |a RU  |b 63413507  |c 20140212 
801 2 |a RU  |b 63413507  |c 20151112  |g RCR 
942 |c BK